[Event "Catalunya-chT Primera Gp1"]
[Site "Catalunya"]
[Date "2008.04.06"]
[Round "7"]
[White "Lopez Abad, Sixte"]
[Black "Sanchez Obregon, Diego"]
[Result "0-1"]
[WhiteElo "2029"]
[BlackElo "2066"]
[PlyCount "55"]
[EventDate "2008.01.27"]
[EventType "team-tourn"]
[EventRounds "9"]
[EventCountry "ESP"]
[SourceTitle "EXT 2019"]
[Source "ChessBase"]
[SourceDate "2018.10.10"]
[SourceVersion "1"]
[SourceVersionDate "2018.10.10"]
[SourceQuality "1"]

1. e4 c5 2. Nc3 d6 3. g3 Nc6 4. Bg2 g6 5. d3 Bg7 6. Be3 e5 7. Qd2 Be6 8. Nd5 Bxd5 9. exd5 Nce7 10. Ne2 Nf6 11. c4 Ng4 12. 0-0 Nxe3 13. fxe3 0-0 14. d4 cxd4 15. exd4 Qb6 16. Kh1 exd4 17. Be4 Rac8 18. Rac1 f5 19. Bg2 d3 20. Qxd3 Qxb2 21. Rc2 Qb4 22. Nf4 Be5 23. Ne6 Rf6 24. a3 Qa5 25. Rd1 b6 26. c5 bxc5 27. Nxc5 Qc7 28. Qe3 0-1

[Event "Catalunya-ch"]
[Site "Barcelona"]
[Date "2007.04.09"]
[Round "9"]
[White "Catarineu Navines, Federico"]
[Black "Sanchez Obregon, Diego"]
[Result "1-0"]
[WhiteElo "2020"]
[BlackElo "2095"]
[PlyCount "45"]
[EventDate "2007.04.01"]
[EventType "swiss"]
[EventRounds "9"]
[EventCountry "ESP"]
[SourceTitle "CBM 117 Extra"]
[Source "ChessBase"]
[SourceDate "2007.05.09"]
[SourceVersion "1"]
[SourceVersionDate "2007.05.09"]
[SourceQuality "1"]

1. e4 c5 2. Nf3 d6 3. d4 cxd4 4. Nxd4 Nf6 5. Nc3 a6 6. Bc4 e6 7. Bb3 Nbd7 8. f4 Qc7 9. Be3 Nc5 10. Qf3 Nxb3 11. axb3 h5 12. f5 e5 13. Ndb5 Qc6 14. Ra4 Bd7 15. 0-0 Nxe4 16. Nd5 Nc5 17. Nbc7+ Kd8 18. Nxa8 Nxa4 19. bxa4 Qxa4 20. Bb6+ Kc8 21. Bc7 Qd4+ 22. Kh1 b5 23. Ndb6+ 1-0

[Event "Catalunya-ch"]
[Site "Barcelona"]
[Date "2007.04.05"]
[Round "5"]
[White "Serra Vilaro, Agustin"]
[Black "Sanchez Obregon, Diego"]
[Result "1/2-1/2"]
[WhiteElo "1959"]
[BlackElo "2095"]
[PlyCount "35"]
[EventDate "2007.04.01"]
[EventType "swiss"]
[EventRounds "9"]
[EventCountry "ESP"]
[SourceTitle "CBM 117 Extra"]
[Source "ChessBase"]
[SourceDate "2007.05.09"]
[SourceVersion "1"]
[SourceVersionDate "2007.05.09"]
[SourceQuality "1"]

1. d4 Nf6 2. c3 g6 3. Nd2 d5 4. e3 Bg7 5. Bd3 0-0 6. f4 Nfd7 7. Ngf3 f6 8. 0-0 e5 9. fxe5 fxe5 10. e4 exd4 11. Nxd4 Ne5 12. Rxf8+ Qxf8 13. Be2 c5 14. Nb5 c4 15. exd5 Qc5+ 16. Nd4 Qxd5 17. Qa4 Bd7 18. Bxc4 1/2-1/2

[Event "Barcelona Sant Marti op 05th"]
[Site "Barcelona"]
[Date "2003.05.24"]
[Round "5.17"]
[White "Almeida Toledano, Daniel"]
[Black "Sanchez Obregon, Diego"]
[Result "1/2-1/2"]
[WhiteElo "1970"]
[BlackElo "1700"]
[PlyCount "61"]
[EventDate "2003.04.26"]
[EventType "swiss"]
[EventRounds "9"]
[EventCountry "ESP"]
[SourceTitle "EXT 2004"]
[Source "ChessBase"]
[SourceDate "2003.11.25"]
[SourceVersion "1"]
[SourceVersionDate "2003.11.25"]
[SourceQuality "1"]

1. e4 c5 2. Nf3 d6 3. d4 cxd4 4. Nxd4 Nf6 5. Nc3 a6 6. Be2 e6 7. Be3 Nbd7 8. 0-0 b5 9. Bf3 Bb7 10. a3 Ne5 11. Bg5 Be7 12. Bxf6 Bxf6 13. Be2 Rc8 14. Nb3 0-0 15. Qe1 Qb6 16. Nd2 Nc4 17. Nxc4 bxc4 18. Rb1 Bxc3 19. bxc3 Qc7 20. Bxc4 Qxc4 21. Rxb7 Qxc3 22. Qxc3 Rxc3 23. Rb6 Rxa3 24. Rxd6 Rc8 25. c4 Ra4 26. Rc1 Kf8 27. f3 Ke7 28. Rb6 Rc5 29. Rc2 a5 30. Ra6 Rb4 31. Ra2 1/2-1/2